| 000 | 00577nam a2200157 i 4500 | ||
|---|---|---|---|
| 001 | 23582 | ||
| 003 | ES-MaACL | ||
| 005 | 20230906152911.0 | ||
| 007 | t| | ||
| 008 | 021211s1957 sp ||||1| spa d | ||
| 100 | 1 |
_aAlvarez Cervela, José María. _920733 |
|
| 245 | 1 | 0 |
_aSignos y firmas reales _b: con extractos biográficos de los monarcas españoles del siglo VIII al siglo XX / _cJosé Mª Alvarez Cervela. |
| 260 |
_aSantiago de Compostela : _b[s.n., _c1957] ( _fTalls. Gráf. La Comercial) |
||
| 300 |
_a397 p., 36 lám. ; _c22 cm. |
||
| 852 |
_aES-MaACL _jC-12880 _bR.40685 |
||
| 999 |
_c23582 _d23582 |
||